The European mind, 1680-1715
Αποθηκεύτηκε σε:
| Κύριος συγγραφέας: | |
|---|---|
| Άλλοι συγγραφείς: | |
| Μορφή: | Βιβλίο |
| Γλώσσα: | English French |
| Δημοσίευση: |
Middlesex, England :
Pelican University Books,
1973
|
| Θέματα: | |
| Ετικέτες: |
Προσθήκη ετικέτας
Δεν υπάρχουν, Καταχωρήστε ετικέτα πρώτοι!
|
MARC
| LEADER | 00000cam a2200000 i 4500 | ||
|---|---|---|---|
| 001 | 1/12172 | ||
| 008 | 110302s1973 eng d | ||
| 020 | |a 0-14-060-023-X | ||
| 035 | |l 10109685 | ||
| 040 | |a GR-MY-UA |b gre |e aacr | ||
| 041 | 1 | |a eng |h fre | |
| 082 | 0 | |a 940.25 |2 (22) | |
| 100 | 1 | |a Hazard, Paul, |d 1878-1944. | |
| 245 | 1 | 4 | |a The European mind, 1680-1715 / |c Paul Hazard ; translated by J. Lewis May |
| 260 | |a Middlesex, England : |b Pelican University Books, |c 1973 | ||
| 300 | |a 512 σ.; |c 21 εκ. | ||
| 504 | |a Περιλαμβάνει ευρετήριο | ||
| 650 | 0 | 0 | |a Philosophy, Modern |x History. |
| 650 | 0 | 0 | |a Literature, Modern |y 18th century |x History and criticism. |
| 651 | 0 | |a Europe |x Intellectual life. | |
| 700 | 1 | |a May, J. Lewis |q (James Lewis), |d 1873-1961. |4 trl | |
| 852 | |a INST |b SYROS |e 20110302 |h 940.25 HAZ |p 005500009315 |q 005500009315 |t BK |y 0 | ||
| 901 | |a BIBL5-2011-1 | ||
| 909 | |a Ε |b 165430 | ||
| 970 | |a ΚΟΝΤΟΥ |b ΠΑΡΑΣΚΕΥΗ |z 2011/03/02 | ||